Statistics for Russian Composers

Click here to take the quiz!

General Stats

  • This quiz has been taken 206 times
  • The average score is 9 of 19

Answer Stats

HintAnswer% Correct
1840-1883Swan Lake Op. 20, The Sleeping Beauty Op. 66, The Nutcracker Op. 71, Eugene Onegin Op. 24, 1812 Overture Op. 49Pyotr Tchaikovsky
97%
1882 - 19671Rite of Spring, The Firebird, Petrushka, Fireworks Op. 4Igor Stravinsky
83%
1839 - 1881Pictures at an Exhibition, (St John's) Night on the Bare Mountain, Boris GodunovModest Mussorgsky
77%
1844 - 1908Scheherezade Op. 35, Capriccio Espagnol Op. 34, The Tale of Tsar Saltan, Antar "Symphony No.2" Op. 9Nikolai Rimsky-Korsakov
75%
1891 - 1953Romeo and Juliet Op. 64, The Love of Three Oranges Op. 33, Leiutenant Kije Op. 60, Peter and the Wolf Op. 67Sergei Prokofiev
73%
1873 - 1943Rhapsody on a Theme of Paganini Op. 43, Piano Concerti 1-4, Symphonic Dances Op. 45, Symphony No. 2 Op. 27Sergei Rachmaninoff
71%
1906-1975Symphonies 1-15, Piano Concerto No.2 Op. 102, The Age of Gold Op. 22, The Gadfly Op. 97, Suite for Variety OrchestraDmitri Shostakovich
70%
1933 - 1887In the Steppes of Central Asia, Prince Igor, Symphonies 1-3, Petite SuiteAlexander Borodin
63%
1804 - 1857Ruslan and Lyudmila, A Life of the Tsar, Prince KholmskyMikhail Glinka
48%
1903-1978Gayene, Spartacus, Masquerade, OthelloAram Khachaturian
42%
1872 - 1915Poem of Ecstasy Op. 54, Prometheus: Poem of Fire, Trois Morceaux Op. 2Alexander Scriabin
40%
1865 - 1936Symphonies 1-9, The Seasons Op. 67, Raymonda Op. 57, Alto Saxophone Concerto Op. 109, Stenka Razin Op. 13Alexander Glazunov
35%
1837 - 1910Islamey Op. 18, Overture on Three Russian Themes, Piano Concerto No. 1 Op. 1Mily Balakirev
31%
1835 - 1918Prisoner of the Caucasus, Puss in Boots, Tarantelle Op. 12Cesar Cui
30%
1904 - 1987The Comedians Op. 26, Piano Concerti 1-3, Pathetic Overture Op. 64, Colas Breugnon Op. 24Dmitri Kabalevsky
20%
1881 - 1950Symphonies 1-27, Cello Concerto Op. 66, Silence Op. 9Nikolai Myaskovsky
13%
1855 - 1914The Enchanted Lake Op. 62, Baba Yaga Op. 56, Kikimora Op. 63Anatoly Lyadov
11%
1875-1956The Red Poppy Op. 70, The Comedians Op. 68, Cleopatra, Op. 78Reinhold Glière
11%
1880 - 1951Piano Concerto No. 3 Op. 60, 14 Piano Sonatas, Shazki (Fairy Tales),Nikolai Medtner
9%

Score Distribution

Percentile by Number Answered

Percent of People with Each Score

Your Score History

You have not taken this quiz